000 01898nam0a2200337 4500
001 RU\NLR\bibl\1269055
005 20260408194349.0
010 _a978-5-98807-025-2
_950
021 _aRU
_b2008-52909
_92928
035 _a(NLR Aleph) 001254949
090 _a342737
_c342737
100 _a20080903d2008 u y0rusy50 ca
101 0 _arus
102 _aRU
105 _aa |||||||||
200 1 _aКоэффициенты интеллекта и невербальной креативности при совпадении и расхождении высоты самооценки и притязаний
_eучебное пособие
_fБороздина Л.В., Кубанцева С.Р.
_gМоск. гос. ун-т им. М.В. Ломоносова, Фак. психологии, Каф. общей психологии
210 _aМосква
_cАкрополь
_d2008
215 _a70 с.
_cил.
_d21
320 _aБиблиогр.: с. 68-70
606 1 _aЛичность
_jУчебные издания для высших учебных заведений
_xСамооценка
_92137382
_3RU\NLR\auth\661288663
606 1 _aИнтеллект
_jУчебные издания для высших учебных заведений
_xПсихологические исследования
_91497560
_3RU\NLR\auth\66648121
606 _aУровень притязаний (психол.)
_jУчебные издания для высших учебных заведений
_92271870
_3RU\NLR\auth\661361642
686 _aЮ937.23я73
686 _aЮ935.131-7я73
700 1 _aБороздина
_bЛ. В.
_gЛидия Васильевна
_4070
701 1 _aКубанцева
_bС. Р.
_gСветлана Ростиславовна
_4070
801 0 _aRU
_bNLR
_c20080903
_gRCR
801 1 _aRU
_bNLR
_c20080903
942 _cBOOK
980 _aNB